| 000 | 01023cam a2200361 a 4500 | ||
|---|---|---|---|
| 001 | 60502 | ||
| 003 | CO-BoRNBP | ||
| 005 | 20260217152928.0 | ||
| 007 | t | ||
| 008 | 971118s1993 sp r 00011 spa d | ||
| 020 | _a8447300331 | ||
| 040 |
_aCO-BoBLA _bspa _dCO-BoBLA _erda _c0 |
||
| 041 | _aspa | ||
| 043 | _ae-sp--- | ||
| 082 | 0 | 4 |
_a863.6 _bM85i _218 ed. |
| 084 | _aN MUÑ | ||
| 100 | 1 |
_aMuñoz Molina, Antonio, _d1956- |
|
| 245 | 1 | 3 |
_aEl invierno en Lisboa / _cAntonio Muñoz Molina. |
| 250 | _a1a. edición | ||
| 264 |
_aBarcelona : _bEditorial Seix Barral, _c1993. |
||
| 300 |
_a187 páginas : _c22 cm. |
||
| 336 |
_atext _btxt _2rdacontent |
||
| 337 |
_aunmediated _bn _2rdamedia |
||
| 338 |
_avolume _bnc _2rdacarrier |
||
| 490 | 1 |
_aNarrativa actual ; _v34 |
|
| 650 | 7 |
_aAmor. _2BLAAUTO |
|
| 650 | 7 |
_aIntriga _vNovela. _2BLAAUTO _968862 |
|
| 650 | 7 |
_aNovela española. _2BLAAUTO _9488 |
|
| 830 | 0 |
_aNarrativa actual ; _v34 _968016 |
|
| 942 |
_2ddc _cBK |
||
| 949 |
_an _bn |
||
| 960 | _aNormalizados-2025 | ||
| 999 |
_c60502 _d60502 |
||